Marketing: a managerial approach
Guardat en:
| Autors principals: | , , |
|---|---|
| Format: | Llibre |
| Idioma: | anglès |
| Publicat: |
Cincinnati
South-Western
1987
|
| Edició: | 2a. ed |
| Matèries: | |
| Etiquetes: |
Afegir etiqueta
Sense etiquetes, Sigues el primer a etiquetar aquest registre!
|
MARC
| LEADER | 00000nam a2200000 a 4500 | ||
|---|---|---|---|
| 001 | UCW2834 | ||
| 003 | CL-VaPUC | ||
| 008 | 920923e19870000US |||||||||||||||||eng|d | ||
| 082 | 0 | 4 | |a 658.8 |b CUN |2 21 |
| 100 | 0 | |a Cunningham, William Huges |e author |9 307161 | |
| 700 | 0 | |a Cunningham, Isabella C. M |e author |9 307162 | |
| 700 | 0 | |a Swift, Christopher M |e author |9 307163 | |
| 245 | 1 | 0 | |a Marketing: a managerial approach |
| 250 | |a 2a. ed | ||
| 300 | |a 811 p | ||
| 942 | |c BK | ||
| 945 | |d 19920923 00:00:00 | ||
| 260 | |a Cincinnati |b South-Western |c 1987 | ||
| 650 | 0 | |a Comercialización |9 259326 | |
| 650 | 0 | |a Planificación estratégica |9 259735 | |
| 583 | |a last modification |c 20160929 07:55:07 |k Rodrigo Vera | ||
| 999 | |c 217267 |d 217265 | ||
| 952 | |0 0 |1 0 |4 0 |6 658_800000000000000_CUN_1987 |7 0 |8 A |9 204416 |a BIBENE |b BIBENE |d 2019-11-15 |i 2716232 |o 658.8 CUN 1987 |p 2716232 |r 2025-01-15 |w 2019-11-15 |y BK |k ICO | ||
| 952 | |0 0 |1 0 |4 0 |6 658_800000000000000_CUN_1987 |7 0 |8 A |9 204417 |a BIBENE |b BIBENE |d 2019-11-15 |i 2716240 |o 658.8 CUN 1987 |p 2716240 |r 2025-01-15 |w 2019-11-15 |y BK |k ICO | ||
| 952 | |0 0 |1 0 |4 0 |6 658_800000000000000_CUN_1987 |7 0 |8 A |9 204418 |a BIBENE |b BIBENE |d 2019-11-15 |i 2716259 |o 658.8 CUN 1987 |p 2716259 |r 2025-01-15 |w 2019-11-15 |y BK |k ICO | ||